Paul Volcker : The making of a financial legend
Saved in:
| Main Author: | |
|---|---|
| Format: | Book |
| Language: | Undetermined |
| Published: |
Hoboken, N.J.
John Wiley & Sons
2004
|
| Subjects: | |
| Tags: |
Add Tag
No Tags, Be the first to tag this record!
|
| Institutions: | Trung tâm Học liệu Trường Đại học Cần Thơ |
|---|
| LEADER | 00681nam a2200241Ia 4500 | ||
|---|---|---|---|
| 001 | CTU_131064 | ||
| 008 | 210402s9999 xx 000 0 und d | ||
| 020 | |c 27.95 | ||
| 082 | |a 332.11092 | ||
| 082 | |b T784 | ||
| 100 | |a Treaster, Joseph B. | ||
| 245 | 0 | |a Paul Volcker : | |
| 245 | 4 | |b The making of a financial legend | |
| 245 | 0 | |c Joseph B. Treaster | |
| 260 | |a Hoboken, N.J. | ||
| 260 | |b John Wiley & Sons | ||
| 260 | |c 2004 | ||
| 650 | |a Economists,United States,United States | ||
| 650 | |x Economic policy,Economic policy | ||
| 650 | |y 1971-1981,1981-1993 | ||
| 650 | |z United States | ||
| 904 | |i Giang | ||
| 980 | |a Trung tâm Học liệu Trường Đại học Cần Thơ | ||